Doctor Who: The three doctors
Saved in:
| Main Author: | |
|---|---|
| Format: | Book |
| Language: | English |
| Published: |
Londres
Target Book
1975
|
| Edition: | 1a. ed |
| Series: | Doctor Who Library, 64
|
| Subjects: | |
| Tags: |
Add Tag
No Tags, Be the first to tag this record!
|
MARC
| LEADER | 00000cam a2200000 a 4500 | ||
|---|---|---|---|
| 001 | UCF5095 | ||
| 003 | CL-VaPUC | ||
| 008 | 130117e19750000UK |||||||||||||||||eng|d | ||
| 020 | |a 0426115783 | ||
| 082 | 0 | 4 | |a 823 |b DIC |2 21 |
| 100 | 0 | |a Dicks, Terrance |e author |9 566815 | |
| 245 | 1 | 0 | |a Doctor Who: The three doctors |
| 250 | |a 1a. ed | ||
| 300 | |a 126 p | ||
| 942 | |c BK | ||
| 945 | |d 20130117 00:00:00 |a cmena | ||
| 260 | |a Londres |b Target Book |c 1975 | ||
| 500 | |a Based on the BBC Television serial by Robert Baker and Dave Martin by arrangement with the British Broadcasting Corporation | ||
| 650 | 0 | |a Novelas inglesas |9 265220 | |
| 650 | 0 | |a Literatura juvenil |9 309909 | |
| 650 | 0 | |a Ciencia ficción |9 314542 | |
| 583 | |a last modification |c 20130117 11:37:00 |k Rodrigo Vera | ||
| 490 | 0 | |a Doctor Who Library, 64 | |
| 999 | |c 350708 |d 350706 | ||
| 952 | |0 0 |1 0 |4 0 |6 823_000000000000000_DIC_1975 |7 0 |8 A |9 454282 |a BIBEDU |b BIBEDU |d 2019-11-22 |i 493542K |o 823 DIC 1975 |p 493542K |r 2019-11-22 |w 2019-11-22 |y BK |k LIT | ||